000 00506nam a22001697a 4500
999 _c62246
_d62246
005 20240903165512.0
008 240903c2000 enk||||| |||| 00| 0 eng d
022 _a0149 9246.
041 _aeng
245 _aHastings International and Comparative Law Review :
_b2000 /
_cEditor M. Kane.
260 _aCalifornia,
_c2000.
300 _aV.
653 _aსამართალი
653 _aპერიოდიკა
700 _aKane, M.
_eრედაქტორი
_923152
942 _2udc
_cCR